| 000 | 00388nam a22001217a 4500 | ||
|---|---|---|---|
| 082 | _a200 THE | ||
| 100 |
_aHumaira Farid _972599 |
||
| 245 | _aTH-SOF-0802-EXCHANGING DATA FROM INSTITUTIONAL REPOSITORIES TO THE SEMANTIC WEB | ||
| 260 |
_aISLAMABAD _bNUST COLLEGE OF EME _c2013 |
||
| 650 |
_aMS-CSE-10 MSTHESIS _970287 |
||
| 700 |
_aSUPERVISOR Dr. Muhammad Younus Javed _970556 |
||
| 942 | _cCF | ||
| 999 |
_c578596 _d578596 |
||